000 00933nam a22002177a 4500
005 20120103140237.0
010 _aB-444635
020 _a9788179639702
_c55.00
035 _aB-444635
037 _bBlue Berry/Ven
_aDPL
082 _aS
100 _aDoyle, Arthur Conan
_938131
245 _aThe case book of sherlock holmes :
_cby Arthur Conan Doyle
_bthe illustrious client /
260 _aMumbai
_bShree Book Centre
270 _a8 Kakod Industrial Estate-5. Keer Road(Off.L.J.Road) Matunga West
_bMumbai
_e400016
_msales @shreebookcentre.com
300 _aunpaged.
_c27cm(pbk)
490 _aThe illustrated sherlock holmes
_938132
942 _2ddc
_cCH
_hS
_mDOY
999 _c60197
_d60197